| 000 | 01782nam a2200385 a 4500 | ||
|---|---|---|---|
| 001 | ebr10439401 | ||
| 003 | CaPaEBR | ||
| 006 | m u | ||
| 007 | cr cn||||||||| | ||
| 008 | 110114s2010 dcuac sb 101 0 eng d | ||
| 010 | _z 2007032455 | ||
| 020 | _z9780309156578 | ||
| 020 | _z9780309104050 (hardcover) | ||
| 020 | _z030910405X (hardcover) | ||
| 020 | _z9780309667869 (pdf) | ||
| 020 | _z0309667860 (pdf) | ||
| 040 |
_aCaPaEBR _cCaPaEBR |
||
| 035 | _a(OCoLC)726823472 | ||
| 050 | 1 | 4 |
_aQH359 _b.N38 2010eb |
| 110 | 2 | _aNational Academy of Sciences (U.S.) | |
| 245 | 1 | 4 |
_aThe human condition _h[electronic resource] / _cJohn C. Avise and Francisco J. Ayala, editors ; National Academy of Sciences. |
| 260 |
_aWashington, D.C. : _bNational Academies Press, _c2010. |
||
| 300 |
_axvi, 411 p. : _bill., port. |
||
| 490 | 0 |
_aIn the light of evolution ; _vv. 4 |
|
| 504 | _aIncludes bibliographical references and index. | ||
| 505 | 0 | _apt. 1. Human phylogenetic history and the paleontological record -- pt. 2. Structure and function of the human genome -- pt. 3. Cultural evolution and the uniqueness of being human. | |
| 533 |
_aElectronic reproduction. _bPalo Alto, Calif. : _cebrary, _d2013. _nAvailable via World Wide Web. _nAccess may be limited to ebrary affiliated libraries. |
||
| 650 | 0 |
_aEvolution (Biology) _vCongresses. |
|
| 655 | 7 |
_aElectronic books. _2local |
|
| 700 | 1 | _aAvise, John C. | |
| 700 | 1 | _aAyala, Francisco J. | |
| 710 | 2 | _aebrary, Inc. | |
| 711 | 2 |
_aArthur M. Sackler Colloquium of the National Academy of Sciences In the Light of Evolution IV: The Human Condition _d(2009 : _cIrvine, Calif.) |
|
| 856 | 4 | 0 |
_uhttp://site.ebrary.com/lib/rucke/Doc?id=10439401 _zAn electronic book accessible through the World Wide Web; click to view |
| 999 |
_c133812 _d133812 |
||